[Event "Titled Tuesday intern op 21st Dec"]
[Site "Chess.com INT"]
[Date "2021.12.21"]
[Round "2"]
[White "Fajdetic, Hrvoje"]
[Black "Berezin, Viktor1"]
[Result "0-1"]
[WhiteElo "2151"]
[BlackElo "2307"]
[PlyCount "88"]
[EventDate "2021.12.21"]
[EventType "swiss (blitz)"]
[EventRounds "11"]
[EventCountry "USA"]
[SourceTitle "CBM 205 Extra"]
[Source "ChessBase"]
[SourceDate "2022.01.31"]
[SourceVersion "1"]
[SourceVersionDate "2022.01.31"]
[SourceQuality "1"]

1. d4 Nf6 2. Bf4 d6 3. Nc3 g6 4. e4 Bg7 5. Qd2 c6 6. O-O-O O-O 7. Bh6 b5 8. f3 Qa5 9. Kb1 b4 10. Nce2 c5 11. Nc1 cxd4 12. Bxg7 Kxg7 13. Nb3 Qc7 14. Nxd4 a5 15. g4 Ba6 16. h4 Bxf1 17. Rxf1 e5 18. Nf5+ Kh8 19. Qxd6 Qxd6 20. Nxd6 Nc6 21. Nh3 Rad8 22. Nc4 Rd4 23. b3 Rfd8 24. h5 a4 25. hxg6 hxg6 26. Nf4+ Kg7 27. Nd3 axb3 28. axb3 Rxd3 29. cxd3 Rxd3 30. Kb2 Nd4 31. Nxe5 Rxb3+ 32. Ka2 Ra3+ 33. Kb2 Ne8 34. g5 Nd6 35. Rh3 N6b5 36. Nd7 Rb3+ 37. Kc1 Rc3+ 38. Kd1 Rc7 39. Rfh1 Nc3+ 40. Ke1 Rxd7 41. Rh8 Nc2+ 42. Kf2 Rd2+ 43. Kg3 Ne2+ 44. Kg4 Ne3+ 0-1

[Event "Titled Tuesday intern op 21st Dec"]
[Site "Chess.com INT"]
[Date "2021.12.21"]
[Round "2"]
[White "Fanha, Paulo Alexandre Mar"]
[Black "Panesar, Vedant"]
[Result "0-1"]
[WhiteElo "1665"]
[BlackElo "2379"]
[PlyCount "154"]
[EventDate "2021.12.21"]
[EventType "swiss (blitz)"]
[EventRounds "11"]
[EventCountry "USA"]
[SourceTitle "CBM 205 Extra"]
[Source "ChessBase"]
[SourceDate "2022.01.31"]
[SourceVersion "1"]
[SourceVersionDate "2022.01.31"]
[SourceQuality "1"]

1. b3 a5 2. Nc3 Nf6 3. Bb2 d5 4. e3 e5 5. Nf3 e4 6. Ne5 Bd6 7. d4 exd3 8. Nxd3 O-O 9. Be2 c6 10. Bf3 Qc7 11. h3 Nbd7 12. Ne2 Ne5 13. Nxe5 Bxe5 14. Bxe5 Qxe5 15. Qd4 Qe7 16. O-O Be6 17. Nf4 Rfe8 18. Nxe6 Qxe6 19. Rac1 Ne4 20. Bxe4 Qxe4 21. Qxe4 Rxe4 22. Rfd1 a4 23. Rd4 Rxd4 24. exd4 axb3 25. axb3 Ra2 26. Kf1 g5 27. Ke2 f6 28. Ke3 Kf7 29. g4 Kg6 30. Kd3 h5 31. Rf1 Ra8 32. f4 hxg4 33. hxg4 gxf4 34. Rxf4 Re8 35. c4 Re6 36. cxd5 cxd5 37. Rf5 Rb6 38. Kc3 Rb5 39. b4 Kf7 40. g5 Rb6 41. gxf6 Rxf6 42. Rxd5 Ke6 43. Rc5 Kd6 44. Kc4 Rf1 45. Kb5 Rf4 46. d5 Rd4 47. Ka5 b6+ 48. Kxb6 Rxb4+ 49. Rb5 Rc4 50. Rb1 Rc2 51. Rh1 Rb2+ 52. Ka5 Kc5 53. Rc1+ Kxd5 54. Ka4 Rb8 55. Ka3 Kd4 56. Ka2 Rb7 57. Ka3 Kd3 58. Ka4 Rb2 59. Ka5 Kd2 60. Rc8 Rb1 61. Ka6 Ra1+ 62. Kb7 Kd3 63. Kc7 Kd4 64. Kd8 Kd5 65. Rc7 Ke6 66. Re7+ Kf6 67. Rc7 Ra2 68. Rc6+ Ke5 69. Rc5+ Kd6 70. Rc7 Ra8+ 71. Rc8 Ra7 72. Rb8 Rd7+ 73. Ke8 Rh7 74. Rb6+ Ke5 75. Kf8 Rc7 76. Ke8 Kd5 77. Kd8 Ra7 0-1

[Event "Titled Tuesday intern op 21st Dec"]
[Site "Chess.com INT"]
[Date "2021.12.21"]
[Round "2"]
[White "Golichenko, Ilja"]
[Black "Unver, Cumali"]
[Result "1/2-1/2"]
[WhiteElo "2413"]
[BlackElo "2046"]
[PlyCount "113"]
[EventDate "2021.12.21"]
[EventType "swiss (blitz)"]
[EventRounds "11"]
[EventCountry "USA"]
[SourceTitle "CBM 205 Extra"]
[Source "ChessBase"]
[SourceDate "2022.01.31"]
[SourceVersion "1"]
[SourceVersionDate "2022.01.31"]
[SourceQuality "1"]

1. d4 Nf6 2. c4 e6 3. Nc3 Bb4 4. Qc2 O-O 5. a3 Bxc3+ 6. Qxc3 d5 7. Bg5 c6 8. e3 Nbd7 9. Nf3 b6 10. Bd3 Ba6 11. cxd5 Bxd3 12. dxe6 Ba6 13. exd7 Qxd7 14. Bxf6 gxf6 15. O-O-O Qd5 16. Rhe1 Rfe8 17. Kb1 Bc8 18. Rc1 Bf5+ 19. Ka1 Rac8 20. Qc4 Qa5 21. Qc3 Qd5 22. Nd2 Be6 23. b3 c5 24. dxc5 Rxc5 25. Qd4 Qxd4+ 26. exd4 Rxc1+ 27. Rxc1 Rd8 28. Nf3 Bxb3 29. Rc7 Bd5 30. Nh4 Be6 31. Nf3 Bd5 32. Nh4 Be6 33. Rxa7 Rxd4 34. g3 Rd2 35. f4 f5 36. Nf3 Rf2 37. Nd4 Rxh2 38. Nxe6 fxe6 39. Rb7 Rg2 40. Rxb6 Kf7 41. a4 Rxg3 42. Ka2 Rg2+ 43. Rb2 Rxb2+ 44. Kxb2 Ke7 45. Kc3 Kd6 46. Kd4 h5 47. Ke3 e5 48. a5 exf4+ 49. Kxf4 h4 50. a6 Kc6 51. Kf3 Kb6 52. Kg2 Kxa6 53. Kh3 Kb5 54. Kxh4 Kc4 55. Kg3 Kd3 56. Kf4 Kd4 57. Kxf5 1/2-1/2

[Event "Titled Tuesday intern op 21st Dec"]
[Site "Chess.com INT"]
[Date "2021.12.21"]
[Round "2"]
[White "Golubenko, Valentina"]
[Black "Omariev, Maksim"]
[Result "0-1"]
[WhiteElo "2209"]
[BlackElo "2304"]
[PlyCount "70"]
[EventDate "2021.12.21"]
[EventType "swiss (blitz)"]
[EventRounds "11"]
[EventCountry "USA"]
[SourceTitle "CBM 205 Extra"]
[Source "ChessBase"]
[SourceDate "2022.01.31"]
[SourceVersion "1"]
[SourceVersionDate "2022.01.31"]
[SourceQuality "1"]

1. d4 h5 2. c4 h4 3. h3 c6 4. d5 cxd5 5. cxd5 Nf6 6. Nc3 e6 7. e4 exd5 8. exd5 Bb4 9. Nf3 O-O 10. Be2 Qa5 11. Bd2 d6 12. O-O Nbd7 13. Nxh4 Nxd5 14. Nxd5 Bxd2 15. Ne7+ Kh8 16. Bc4 Ne5 17. Qh5+ Bh6 18. Nhg6+ fxg6 19. Nxg6+ Kh7 20. Nxf8+ Kh8 21. Ng6+ Kh7 22. Bd3 Kg8 23. Nxe5 Qxe5 24. Rae1 Qxh5 25. Bc4+ d5 26. Be2 Qf7 27. Bf3 Bf5 28. Re5 Rd8 29. Rfe1 d4 30. Re7 Qxa2 31. Rxb7 d3 32. Rd1 d2 33. Rb5 Bc2 34. Rf1 d1=Q 35. Bxd1 Rxd1 0-1

[Event "Titled Tuesday intern op 21st Dec"]
[Site "Chess.com INT"]
[Date "2021.12.21"]
[Round "2"]
[White "Gombocz, Ferenc Jr"]
[Black "Mirzoev, Azer"]
[Result "0-1"]
[WhiteElo "2236"]
[BlackElo "2420"]
[PlyCount "94"]
[EventDate "2021.12.21"]
[EventType "swiss (blitz)"]
[EventRounds "11"]
[EventCountry "USA"]
[SourceTitle "CBM 205 Extra"]
[Source "ChessBase"]
[SourceDate "2022.01.31"]
[SourceVersion "1"]
[SourceVersionDate "2022.01.31"]
[SourceQuality "1"]

1. c4 c5 2. g3 Nc6 3. Bg2 d6 4. Nc3 g6 5. Nf3 Bg7 6. O-O Nh6 7. e4 O-O 8. d3 Ng4 9. h3 Nge5 10. Nxe5 dxe5 11. Be3 b6 12. f4 exf4 13. gxf4 Bb7 14. e5 Qd7 15. Qd2 Rad8 16. Rad1 Nd4 17. Nd5 e6 18. Nf6+ Bxf6 19. exf6 Bxg2 20. Qxg2 Nf5 21. Bf2 h6 22. Kh1 Kh7 23. Qf3 Qa4 24. a3 Rd6 25. h4 Qc6 26. Qxc6 Rxc6 27. b4 Rd8 28. bxc5 bxc5 29. Kg2 h5 30. Kf3 Nh6 31. Ke2 Ng4 32. Rb1 Rd7 33. Rb5 Rdc7 34. Rfb1 Nxf6 35. Rb8 Ng4 36. Rd8 Nxf2 37. Kxf2 Kg7 38. Rbb8 Kf6 39. Ke3 Ra6 40. Re8 Rxa3 41. Rh8 Rd7 42. Rbc8 Raxd3+ 43. Ke2 Rd2+ 44. Ke1 R2d4 45. Rxc5 Rxf4 46. Rb8 Rxh4 47. Rbb5 Rh2 0-1

[Event "Titled Tuesday intern op 21st Dec"]
[Site "Chess.com INT"]
[Date "2021.12.21"]
[Round "2"]
[White "Grunberg, Mihai Lucian"]
[Black "Colijn, Stefan"]
[Result "1-0"]
[WhiteElo "2401"]
[BlackElo "2324"]
[PlyCount "55"]
[EventDate "2021.12.21"]
[EventType "swiss (blitz)"]
[EventRounds "11"]
[EventCountry "USA"]
[SourceTitle "CBM 205 Extra"]
[Source "ChessBase"]
[SourceDate "2022.01.31"]
[SourceVersion "1"]
[SourceVersionDate "2022.01.31"]
[SourceQuality "1"]

1. e4 c6 2. Nc3 d5 3. Nf3 dxe4 4. Nxe4 Bf5 5. Ng3 Bg4 6. h3 Bxf3 7. Qxf3 Nf6 8. Bc4 e6 9. O-O Be7 10. c3 O-O 11. d4 Nbd7 12. Re1 Re8 13. Bf4 Qb6 14. Bb3 c5 15. Rad1 cxd4 16. Rxd4 Nc5 17. Rb4 Qa6 18. Bc4 Qa5 19. Rb5 Qa4 20. Rxc5 Bxc5 21. Bb3 Qc6 22. Qe2 Rad8 23. Be5 Nd5 24. Qg4 Bf8 25. Nh5 g6 26. Bxd5 Rxd5 27. Nf6+ Kg7 28. Nxd5+ 1-0

[Event "Titled Tuesday intern op 21st Dec"]
[Site "Chess.com INT"]
[Date "2021.12.21"]
[Round "2"]
[White "Gschnitzer, Adrian"]
[Black "Tsvetkov, Andrey1"]
[Result "0-1"]
[WhiteElo "2403"]
[BlackElo "2384"]
[PlyCount "62"]
[EventDate "2021.12.21"]
[EventType "swiss (blitz)"]
[EventRounds "11"]
[EventCountry "USA"]
[SourceTitle "CBM 205 Extra"]
[Source "ChessBase"]
[SourceDate "2022.01.31"]
[SourceVersion "1"]
[SourceVersionDate "2022.01.31"]
[SourceQuality "1"]

1. e4 c5 2. Nf3 d6 3. d4 cxd4 4. Nxd4 Nf6 5. Nc3 a6 6. Bg5 Nbd7 7. f4 Qc7 8. Qf3 b5 9. O-O-O g6 10. Nd5 Nxd5 11. exd5 Bg7 12. Nc6 O-O 13. Nxe7+ Kh8 14. Bd3 Nc5 15. Nc6 b4 16. Kb1 Na4 17. f5 Bxb2 18. fxg6 Bg7 19. Bf6 fxg6 20. Rde1 Bxf6 21. Rhf1 Bd7 22. Bxg6 Nc3+ 23. Kc1 Bg5+ 24. Kb2 Rxf3 25. Rxf3 hxg6 26. Rf7 Nxd5 27. h4 Qxc6 28. Ref1 Qc3+ 29. Kb1 Bf6 30. R1xf6 Nxf6 31. h5 Bf5 0-1

[Event "Titled Tuesday intern op 21st Dec"]
[Site "Chess.com INT"]
[Date "2021.12.21"]
[Round "2"]
[White "Guliev, Logman"]
[Black "Lakshmi, Chidambaram"]
[Result "1-0"]
[WhiteElo "2260"]
[BlackElo "2058"]
[PlyCount "69"]
[EventDate "2021.12.21"]
[EventType "swiss (blitz)"]
[EventRounds "11"]
[EventCountry "USA"]
[SourceTitle "CBM 205 Extra"]
[Source "ChessBase"]
[SourceDate "2022.01.31"]
[SourceVersion "1"]
[SourceVersionDate "2022.01.31"]
[SourceQuality "1"]

1. e4 c5 2. Nf3 Nc6 3. d4 cxd4 4. Nxd4 Nf6 5. Nc3 e5 6. Ndb5 d6 7. Nd5 Nxd5 8. exd5 Nb8 9. c4 Be7 10. Be2 a6 11. Nc3 O-O 12. O-O f5 13. f4 e4 14. Be3 Nd7 15. Kh1 b6 16. g4 Nf6 17. g5 Nd7 18. Bd4 Qe8 19. b4 Bb7 20. Rc1 Rc8 21. Bh5 Qd8 22. Be2 Qe8 23. Na4 Bd8 24. a3 Qf7 25. Nc3 Ra8 26. Qd2 Bc7 27. Nd1 Rac8 28. Ne3 Bb8 29. Rg1 Qe8 30. h4 Bc7 31. h5 Nb8 32. h6 g6 33. Bb2 Kf7 34. Qd4 Rg8 35. Qf6# 1-0

[Event "Titled Tuesday intern op 21st Dec"]
[Site "Chess.com INT"]
[Date "2021.12.21"]
[Round "2"]
[White "Gutkovich, Polina"]
[Black "Weetik, Vjacheslav"]
[Result "0-1"]
[WhiteElo "1921"]
[BlackElo "2423"]
[PlyCount "82"]
[EventDate "2021.12.21"]
[EventType "swiss (blitz)"]
[EventRounds "11"]
[EventCountry "USA"]
[SourceTitle "CBM 205 Extra"]
[Source "ChessBase"]
[SourceDate "2022.01.31"]
[SourceVersion "1"]
[SourceVersionDate "2022.01.31"]
[SourceQuality "1"]

1. d4 d5 2. c4 e6 3. Nc3 c6 4. e3 Bd6 5. Nf3 f5 6. Bd3 Nf6 7. b3 O-O 8. Qc2 Ne4 9. Bb2 Nd7 10. Nd2 Qh4 11. Nf3 Qf6 12. h4 b6 13. O-O-O Bb7 14. Rdg1 h6 15. Ne1 Rac8 16. g4 Nxc3 17. Bxc3 fxg4 18. Rxg4 Qxf2 19. Qxf2 Rxf2 20. Rhg1 Bf8 21. Rg6 Rf6 22. Rxf6 Nxf6 23. Nf3 Bd6 24. Rg6 Rf8 25. Ne5 Bxe5 26. dxe5 Nd7 27. Rxe6 Nc5 28. Re7 Nxd3+ 29. Kd2 Nc5 30. b4 Ne4+ 31. Kd3 Bc8 32. Be1 Bf5 33. Rxa7 Nd6+ 34. Ke2 Nxc4 35. Rb7 b5 36. Bc3 Rf7 37. Rb8+ Kh7 38. Bd4 Bg4+ 39. Ke1 Re7 40. Rf8 Nxe5 41. Rf4 Nd3+ 0-1

[Event "Titled Tuesday intern op 21st Dec"]
[Site "Chess.com INT"]
[Date "2021.12.21"]
[Round "2"]
[White "Hamley, Ryan"]
[Black "Korchmar, Vasiliy"]
[Result "1-0"]
[WhiteElo "2077"]
[BlackElo "2450"]
[PlyCount "73"]
[EventDate "2021.12.21"]
[EventType "swiss (blitz)"]
[EventRounds "11"]
[EventCountry "USA"]
[SourceTitle "CBM 205 Extra"]
[Source "ChessBase"]
[SourceDate "2022.01.31"]
[SourceVersion "1"]
[SourceVersionDate "2022.01.31"]
[SourceQuality "1"]

1. d4 Nf6 2. c4 c6 3. Nf3 d5 4. e3 Bg4 5. Nc3 e6 6. h3 Bh5 7. g4 Bg6 8. Ne5 Nbd7 9. Nxg6 hxg6 10. cxd5 exd5 11. Bg2 Bd6 12. O-O Ne4 13. Nxe4 dxe4 14. Qb3 Nb6 15. a4 Qe7 16. Bd2 Nd5 17. a5 a6 18. f3 exf3 19. Rxf3 O-O-O 20. Rc1 Kb8 21. Rxc6 Bb4 22. Bxb4 Nxb4 23. Rb6 Nd5 24. Rxa6 Qc7 25. Rf1 Qg3 26. Rxf7 Qe1+ 27. Rf1 Qxe3+ 28. Qxe3 Nxe3 29. Rb6 Nxf1 30. Rxb7+ Kc8 31. a6 Rxd4 32. a7 Ra4 33. Rb8+ Kc7 34. Rxh8 Rxa7 35. Bxf1 Ra2 36. Rg8 Rxb2 37. Rxg7+ 1-0

[Event "Titled Tuesday intern op 21st Dec"]
[Site "Chess.com INT"]
[Date "2021.12.21"]
[Round "2"]
[White "Holt, Conrad"]
[Black "Romanchuk, Viktor"]
[Result "1-0"]
[WhiteElo "2553"]
[BlackElo "2266"]
[PlyCount "97"]
[EventDate "2021.12.21"]
[EventType "swiss (blitz)"]
[EventRounds "11"]
[EventCountry "USA"]
[SourceTitle "CBM 205 Extra"]
[Source "ChessBase"]
[SourceDate "2022.01.31"]
[SourceVersion "1"]
[SourceVersionDate "2022.01.31"]
[SourceQuality "1"]

1. d4 d5 2. c4 c6 3. Nc3 Nf6 4. e3 e6 5. Bd3 Nbd7 6. e4 dxe4 7. Nxe4 c5 8. Nf3 cxd4 9. O-O Nc5 10. Nxc5 Bxc5 11. b4 Be7 12. Bb2 O-O 13. a3 a5 14. c5 b6 15. Nxd4 axb4 16. Nc6 Qe8 17. Nxe7+ Qxe7 18. axb4 Rxa1 19. Qxa1 bxc5 20. bxc5 Bb7 21. Rc1 Rc8 22. Qa7 Qd7 23. Bf1 Nd5 24. Qa3 Qc6 25. Qg3 f6 26. h4 e5 27. Qb3 Kh8 28. Bb5 Qe6 29. c6 Ba8 30. Bc4 Rxc6 31. Ra1 Rxc4 32. Rxa8+ Rc8 33. Qxd5 Qe8 34. Rxc8 Qxc8 35. Ba3 h6 36. Qf7 Qg4 37. Bf8 Qd1+ 38. Kh2 Qg4 39. g3 Kh7 40. h5 Qg5 41. f3 e4 42. fxe4 Qg4 43. Qxg7+ Qxg7 44. Bxg7 Kxg7 45. Kh3 Kf7 46. Kg4 Ke6 47. Kf4 Ke7 48. Kf5 Kf7 49. g4 1-0

[Event "Titled Tuesday intern op 21st Dec"]
[Site "Chess.com INT"]
[Date "2021.12.21"]
[Round "2"]
[White "Ingebretsen, Jens E"]
[Black "Kopacz, Grzegorz"]
[Result "1-0"]
[WhiteElo "2309"]
[BlackElo "2098"]
[PlyCount "75"]
[EventDate "2021.12.21"]
[EventType "swiss (blitz)"]
[EventRounds "11"]
[EventCountry "USA"]
[SourceTitle "CBM 205 Extra"]
[Source "ChessBase"]
[SourceDate "2022.01.31"]
[SourceVersion "1"]
[SourceVersionDate "2022.01.31"]
[SourceQuality "1"]

1. Nf3 c5 2. e4 g6 3. d4 cxd4 4. Qxd4 Nf6 5. e5 Nc6 6. Qa4 Nd5 7. Qe4 Nb6 8. Bb5 Bg7 9. O-O Qc7 10. Bf4 e6 11. Nc3 a6 12. Ng5 h6 13. Bxc6 hxg5 14. Bxd7+ Bxd7 15. Bxg5 Bc6 16. Qb4 Bxe5 17. f4 Bg7 18. Rfe1 Nd5 19. Nxd5 Bxd5 20. Rad1 f6 21. Rxd5 fxg5 22. Rxe6+ Kf7 23. Qe4 Qxf4 24. Rd7+ Kg8 25. Rxg7+ Kxg7 26. Qxg6+ Kf8 27. Rf6+ Qxf6 28. Qxf6+ Kg8 29. Qxg5+ Kf7 30. Qf5+ Ke7 31. Qe4+ Kd7 32. Qxb7+ Kd6 33. Qb6+ Kd5 34. c3 Rae8 35. Qd4+ Kc6 36. Qc4+ Kb6 37. b4 Rhf8 38. h3 1-0

[Event "Titled Tuesday intern op 21st Dec"]
[Site "Chess.com INT"]
[Date "2021.12.21"]
[Round "2"]
[White "Iturrizaga Bonelli, Eduardo"]
[Black "Guimaraes, Wagner Peixoto"]
[Result "1-0"]
[WhiteElo "2606"]
[BlackElo "2194"]
[PlyCount "67"]
[EventDate "2021.12.21"]
[EventType "swiss (blitz)"]
[EventRounds "11"]
[EventCountry "USA"]
[SourceTitle "CBM 205 Extra"]
[Source "ChessBase"]
[SourceDate "2022.01.31"]
[SourceVersion "1"]
[SourceVersionDate "2022.01.31"]
[SourceQuality "1"]

1. e4 c5 2. Nf3 d6 3. d4 cxd4 4. Nxd4 Nf6 5. Nc3 g6 6. Be2 Bg7 7. Nb3 O-O 8. g4 Nc6 9. g5 Nd7 10. h4 a5 11. a4 Nb4 12. h5 Nc5 13. Be3 Nxb3 14. cxb3 Be6 15. f4 Rc8 16. Rc1 d5 17. e5 d4 18. Qxd4 Qxd4 19. Bxd4 Bxb3 20. Kf2 Nc6 21. Be3 Rfd8 22. Ne4 Bd5 23. Bf3 Nb4 24. Kg3 Nd3 25. Rxc8 Rxc8 26. Rd1 Bxe4 27. Bxe4 Nxb2 28. Rd7 Nxa4 29. Rxe7 b5 30. Bd5 Rf8 31. h6 Bh8 32. e6 Bc3 33. exf7+ Kh8 34. Re8 1-0

[Event "Titled Tuesday intern op 21st Dec"]
[Site "Chess.com INT"]
[Date "2021.12.21"]
[Round "2"]
[White "Jacobson, Brandon"]
[Black "Escalante Ramirez, Brian Sebastian"]
[Result "1-0"]
[WhiteElo "2530"]
[BlackElo "2469"]
[PlyCount "85"]
[EventDate "2021.12.21"]
[EventType "swiss (blitz)"]
[EventRounds "11"]
[EventCountry "USA"]
[SourceTitle "CBM 205 Extra"]
[Source "ChessBase"]
[SourceDate "2022.01.31"]
[SourceVersion "1"]
[SourceVersionDate "2022.01.31"]
[SourceQuality "1"]

1. Nf3 c5 2. c4 Nc6 3. Nc3 g6 4. e3 Nf6 5. d4 cxd4 6. exd4 d5 7. cxd5 Nxd5 8. Qb3 Nxc3 9. Bc4 Nd5 10. Bxd5 e6 11. Bxc6+ bxc6 12. Bg5 Qa5+ 13. Bd2 Qb5 14. Rc1 Bg7 15. Ne5 Bxe5 16. Qxb5 cxb5 17. dxe5 O-O 18. Rc7 Rd8 19. Ke2 a5 20. Bg5 Re8 21. Rhc1 b4 22. Bf6 Ba6+ 23. Ke3 Rec8 24. R1c6 Rxc7 25. Rxc7 Rc8 26. Ra7 Bc4 27. Rxa5 b3 28. axb3 Bxb3 29. f3 h6 30. h4 Rb8 31. Rc5 Bd5 32. b4 g5 33. h5 g4 34. fxg4 Bxg2 35. b5 Kf8 36. Kd4 Ke8 37. Rc7 Bf3 38. g5 Bxh5 39. gxh6 Bg6 40. Kc5 Kf8 41. b6 Kg8 42. b7 Kh7 43. Rc8 1-0

[Event "Titled Tuesday intern op 21st Dec"]
[Site "Chess.com INT"]
[Date "2021.12.21"]
[Round "2"]
[White "Jaracz, Pawel"]
[Black "Ianov, Viktor"]
[Result "1-0"]
[WhiteElo "2460"]
[BlackElo "2279"]
[PlyCount "69"]
[EventDate "2021.12.21"]
[EventType "swiss (blitz)"]
[EventRounds "11"]
[EventCountry "USA"]
[SourceTitle "CBM 205 Extra"]
[Source "ChessBase"]
[SourceDate "2022.01.31"]
[SourceVersion "1"]
[SourceVersionDate "2022.01.31"]
[SourceQuality "1"]

1. d4 d6 2. e4 Nf6 3. Nc3 c6 4. g3 e5 5. Bg2 Nbd7 6. Nge2 Be7 7. O-O O-O 8. h3 h5 9. a4 b6 10. Be3 Bb7 11. Qd2 a6 12. d5 cxd5 13. Nxd5 Nxd5 14. exd5 f5 15. f4 g6 16. fxe5 Nxe5 17. b3 Bf6 18. Nd4 Re8 19. Rad1 Rc8 20. c4 Qd7 21. Bg5 Bh8 22. Ne6 b5 23. cxb5 axb5 24. a5 Nf7 25. Be3 Bc3 26. Qa2 b4 27. Bb6 Ba6 28. Rf2 Ne5 29. Kh2 Kh7 30. Qb1 Rxe6 31. dxe6 Qxe6 32. Bd5 Qf6 33. Kg2 Re8 34. Qc1 Qf7 35. Bxf7 1-0

[Event "Titled Tuesday intern op 21st Dec"]
[Site "Chess.com INT"]
[Date "2021.12.21"]
[Round "2"]
[White "Juhasz, Agoston"]
[Black "Magallanes, Rey Jomar"]
[Result "0-1"]
[WhiteElo "2378"]
[BlackElo "2044"]
[PlyCount "104"]
[EventDate "2021.12.21"]
[EventType "swiss (blitz)"]
[EventRounds "11"]
[EventCountry "USA"]
[SourceTitle "CBM 205 Extra"]
[Source "ChessBase"]
[SourceDate "2022.01.31"]
[SourceVersion "1"]
[SourceVersionDate "2022.01.31"]
[SourceQuality "1"]

1. Nf3 Nf6 2. d4 g6 3. c4 Bg7 4. Nc3 O-O 5. g3 d6 6. Bg2 c6 7. O-O Qa5 8. e4 Bg4 9. Be3 Qb4 10. Qb3 a5 11. Nd2 Na6 12. a3 Qxb3 13. Nxb3 Bd7 14. Nxa5 b6 15. Nb3 Rab8 16. Rfd1 b5 17. c5 b4 18. axb4 Nxb4 19. Ra7 Be6 20. Na5 dxc5 21. dxc5 Ra8 22. Rxa8 Rxa8 23. Nb7 Nd7 24. Bd4 Rb8 25. Bxg7 Kxg7 26. Na5 Nxc5 27. e5 Rb6 28. Bf1 Nd5 29. Nxd5 Bxd5 30. Rd2 Ne4 31. Rc2 Ng5 32. Bg2 Nf3+ 33. Bxf3 Bxf3 34. Kf1 Ra6 35. b4 Rb6 36. Rb2 Rb5 37. Nc4 Bd5 38. Ne3 Be4 39. f4 c5 40. Nc2 Bxc2 41. Rxc2 cxb4 42. Rb2 g5 43. Ke2 Kg6 44. Kf3 gxf4 45. gxf4 Kf5 46. Rb3 h5 47. h4 e6 48. Kg3 Ke4 49. Rb1 b3 50. Re1+ Kd3 51. Ra1 b2 52. Rg1 b1=Q 0-1

[Event "Titled Tuesday intern op 21st Dec"]
[Site "Chess.com INT"]
[Date "2021.12.21"]
[Round "2"]
[White "Kakabayaev, Mergen"]
[Black "Csonka, Balazs"]
[Result "0-1"]
[WhiteElo "2285"]
[BlackElo "2480"]
[PlyCount "84"]
[EventDate "2021.12.21"]
[EventType "swiss (blitz)"]
[EventRounds "11"]
[EventCountry "USA"]
[SourceTitle "CBM 205 Extra"]
[Source "ChessBase"]
[SourceDate "2022.01.31"]
[SourceVersion "1"]
[SourceVersionDate "2022.01.31"]
[SourceQuality "1"]

1. e4 c5 2. Nf3 e6 3. d4 cxd4 4. Nxd4 a6 5. Bd3 Bc5 6. Nb3 Ba7 7. O-O Nc6 8. Qg4 Qf6 9. Nc3 Ne5 10. Qg3 Nxd3 11. cxd3 Ne7 12. Be3 Bb8 13. f4 Qg6 14. Qf3 f5 15. e5 O-O 16. Na5 Nc6 17. Nc4 b5 18. Nb6 Bb7 19. Nxa8 Bxa8 20. Qf2 Qh5 21. Rfc1 g5 22. Ne2 Kh8 23. d4 h6 24. d5 exd5 25. Nd4 Qg6 26. Nxc6 Bxc6 27. Bd4 Kh7 28. Rc3 Rg8 29. Rg3 g4 30. Rc1 h5 31. Rgc3 Qh6 32. b4 h4 33. a3 Bc7 34. g3 Bd8 35. Qc2 Rg6 36. Bc5 hxg3 37. Rxg3 Qxf4 38. Be3 Qe4 39. Qd2 Bc7 40. Rf1 Bxe5 41. Bf4 d4 42. Bxe5 Qh1+ 0-1

[Event "Titled Tuesday intern op 21st Dec"]
[Site "Chess.com INT"]
[Date "2021.12.21"]
[Round "2"]
[White "Katz, Alexander R"]
[Black "Izoria, Zviad"]
[Result "1-0"]
[WhiteElo "2401"]
[BlackElo "2602"]
[PlyCount "71"]
[EventDate "2021.12.21"]
[EventType "swiss (blitz)"]
[EventRounds "11"]
[EventCountry "USA"]
[SourceTitle "CBM 205 Extra"]
[Source "ChessBase"]
[SourceDate "2022.01.31"]
[SourceVersion "1"]
[SourceVersionDate "2022.01.31"]
[SourceQuality "1"]

1. e4 c5 2. Nf3 a6 3. c3 e6 4. d4 d5 5. e5 Bd7 6. Bd3 cxd4 7. cxd4 Bb5 8. Bxb5+ axb5 9. O-O b4 10. Nbd2 Ne7 11. Nb3 Nec6 12. Ne1 Nd7 13. f4 g6 14. Nf3 Be7 15. Be3 h5 16. g3 Qb6 17. Kg2 Qb5 18. h3 b6 19. Qd2 f5 20. exf6 Nxf6 21. Ng5 Kd7 22. Qc2 Rhg8 23. Nd2 Rac8 24. Qd1 Qd3 25. Re1 Bd6 26. Bf2 Nxd4 27. Bxd4 Qxd4 28. Qa4+ Rc6 29. Re2 Qxb2 30. Rae1 Qa3 31. Qb5 Qa5 32. Qd3 Rc3 33. Qd4 Qa3 34. Qxf6 Rxg3+ 35. Kh2 Re8 36. Rxe6 1-0

[Event "Titled Tuesday intern op 21st Dec"]
[Site "Chess.com INT"]
[Date "2021.12.21"]
[Round "2"]
[White "Kejzar, Petra"]
[Black "Novikova, Galina"]
[Result "0-1"]
[WhiteElo "2072"]
[BlackElo "2073"]
[PlyCount "62"]
[EventDate "2021.12.21"]
[EventType "swiss (blitz)"]
[EventRounds "11"]
[EventCountry "USA"]
[SourceTitle "CBM 205 Extra"]
[Source "ChessBase"]
[SourceDate "2022.01.31"]
[SourceVersion "1"]
[SourceVersionDate "2022.01.31"]
[SourceQuality "1"]

1. e4 e6 2. c4 d5 3. cxd5 exd5 4. exd5 Nf6 5. Nc3 Nbd7 6. Nf3 Nb6 7. Bb5+ Bd7 8. Qe2+ Be7 9. d6 cxd6 10. O-O O-O 11. d4 d5 12. Bg5 Bg4 13. h3 Bh5 14. g4 Bg6 15. Rfe1 Bb4 16. Bxf6 Qxf6 17. Ne5 a6 18. Bd3 Qd6 19. f4 Bxd3 20. Qxd3 Rac8 21. f5 Nc4 22. Re2 Nxb2 23. Rxb2 Bxc3 24. Rab1 Bxb2 25. Rxb2 f6 26. Qe3 fxe5 27. dxe5 Qc5 28. Qxc5 Rxc5 29. Rxb7 d4 30. Rd7 Rxe5 31. Rxd4 Re2 0-1

[Event "Titled Tuesday intern op 21st Dec"]
[Site "Chess.com INT"]
[Date "2021.12.21"]
[Round "2"]
[White "Kekic, Armin"]
[Black "Wagh, Suyog"]
[Result "0-1"]
[WhiteElo "2164"]
[BlackElo "2210"]
[PlyCount "46"]
[EventDate "2021.12.21"]
[EventType "swiss (blitz)"]
[EventRounds "11"]
[EventCountry "USA"]
[SourceTitle "CBM 205 Extra"]
[Source "ChessBase"]
[SourceDate "2022.01.31"]
[SourceVersion "1"]
[SourceVersionDate "2022.01.31"]
[SourceQuality "1"]

1. e4 c5 2. Nf3 Nc6 3. c3 d5 4. exd5 Qxd5 5. d4 Nf6 6. Be2 cxd4 7. cxd4 e6 8. Nc3 Qd6 9. O-O Be7 10. Be3 O-O 11. Qb3 b6 12. Rfd1 Bb7 13. d5 Na5 14. Qa4 Nxd5 15. Nxd5 Bxd5 16. b4 Qxb4 17. Qxb4 Bxb4 18. a3 Be7 19. Ne5 Rfd8 20. Bb5 Rac8 21. a4 Bf6 22. f4 Rc2 23. Rac1 Rxg2+ 0-1